The Evaluation of the use of Fish Pond Water and Moringa Oleifera Extract as Fertilizer for Maize (Zea Mays)/ (Record no. 1597)

MARC details
000 -LEADER
fixed length control field 00487nam a22001457a 4500
005 - DATE AND TIME OF LATEST TRANSACTION
control field 20250225125405.0
008 - FIXED-LENGTH DATA ELEMENTS--GENERAL INFORMATION
fixed length control field 250225b |||||||| |||| 00| 0 eng d
040 ## - CATALOGING SOURCE
Original cataloging agency KMU
Transcribing agency KMU
Modifying agency KMU
100 ## - MAIN ENTRY--PERSONAL NAME
Personal name Chanda, Laban
245 ## - TITLE STATEMENT
Title The Evaluation of the use of Fish Pond Water and Moringa Oleifera Extract as Fertilizer for Maize (Zea Mays)/
Statement of responsibility, etc. Laban Chanda
260 ## - PUBLICATION, DISTRIBUTION, ETC.
Place of publication, distribution, etc. Chinsali:
Name of publisher, distributor, etc. Kapasa Makasa University,
Date of publication, distribution, etc. 2021.
300 ## - PHYSICAL DESCRIPTION
Extent vi, 20p.:
Other physical details ill;
Dimensions 30 cm.
650 ## - SUBJECT ADDED ENTRY--TOPICAL TERM
Topical term or geographic name entry element Agro-Forestry
942 ## - ADDED ENTRY ELEMENTS (KOHA)
Koha item type Student Project Report
Suppress in OPAC No
Holdings
Withdrawn status Lost status Damaged status Not for loan Collection Home library Current library Shelving location Date acquired Total Checkouts Date last seen Price effective from Koha item type
        Reference Kapasa Makasa University Kapasa Makasa University Reference 25.02.2025   25.02.2025 25.02.2025 Student Project Report